[Event "BRA-ch 87th"]
[Site "Cuiaba"]
[Date "2021.11.04"]
[Round "11"]
[White "Pinto, Pedro Jorge de Mora"]
[Black "De Avelar, Flavio Henrique"]
[Result "1-0"]
[WhiteElo "2010"]
[BlackElo "1534"]
[PlyCount "119"]
[EventDate "2021.10.28"]
[EventType "swiss"]
[EventRounds "11"]
[EventCountry "BRA"]
[SourceTitle "CBM 205 Extra"]
[Source "ChessBase"]
[SourceDate "2022.01.31"]
[SourceVersion "1"]
[SourceVersionDate "2022.01.31"]
[SourceQuality "1"]

1. Nf3 d5 2. d4 Nf6 3. g3 c5 4. Bg2 Nc6 5. 0-0 e6 6. c3 Be7 7. Nbd2 0-0 8. dxc5 Bxc5 9. b4 Bd6 10. Qb3 a6 11. Rd1 b5 12. e4 Qc7 13. exd5 Nxd5 14. a3 Bb7 15. c4 bxc4 16. Nxc4 Be7 17. Bb2 Bf6 18. Bxf6 Nxf6 19. Rac1 Rfd8 20. h3 Rxd1+ 21. Qxd1 Rd8 22. Qe1 Qb8 23. Qe3 h6 24. Qb6 Nd7 25. Qe3 Nf6 26. Nb6 Ne7 27. Qc5 Ned5 28. Nd4 Nd7 29. Nxd7 Rxd7 30. Kh2 Rc7 31. Qd6 Rc8 32. Qxb8 Rxb8 33. Nc6 Re8 34. Na5 Ba8 35. Bf1 h5 36. Bxa6 f5 37. Nc4 Rd8 38. b5 Nc7 39. Nb6 Bf3 40. Bb7 Nxb5 41. Bxf3 Nxa3 42. Bxh5 Rd2 43. Kg2 Kh7 44. Bf7 e5 45. Nc4 Nxc4 46. Rxc4 e4 47. Kf1 g5 48. Rc6 Kg7 49. Bg6 Rd5 50. g4 f4 51. Bxe4 Rd4 52. Bf5 f3 53. Kg1 Rb4 54. Kh2 Rb3 55. Kg3 Rb4 56. Rg6+ Kh8 57. Be6 Kh7 58. Rxg5 Re4 59. Bf5+ Kh8 60. Rh5+ 1-0

[Event "Goiania op"]
[Site "Goiania"]
[Date "2021.02.27"]
[Round "3"]
[White "Frattini, Beatriz Maria"]
[Black "De Avelar, Flavio Henrique"]
[Result "1-0"]
[WhiteElo "1844"]
[BlackElo "1522"]
[PlyCount "117"]
[EventDate "2021.02.26"]
[EventType "swiss"]
[EventRounds "6"]
[EventCountry "BRA"]
[SourceTitle "EXT 2022"]
[Source "ChessBase"]
[SourceDate "2021.10.06"]
[SourceVersion "1"]
[SourceVersionDate "2021.10.06"]
[SourceQuality "1"]

1. e4 e6 2. d4 d5 3. Nc3 Nf6 4. Bg5 dxe4 5. Nxe4 Nbd7 6. Nf3 h6 7. Bxf6 Nxf6 8. Bd3 Be7 9. 0-0 0-0 10. Qe2 Nd5 11. Qd2 b6 12. c4 Nf6 13. Rad1 Bb7 14. Qe2 Nh5 15. Qe3 Nf6 16. Ne5 Qe8 17. Bb1 Rd8 18. Nxf6+ Bxf6 19. Ng4 Bg5 20. Qg3 Qe7 21. Qd3 f5 22. Ne5 Be4 23. Qe2 Qd6 24. f4 Bf6 25. Bxe4 fxe4 26. Qxe4 Bxe5 27. Qxe5 Qc6 28. b3 Rf5 29. Qe3 Rdf8 30. Rde1 R5f6 31. Qe5 Rg6 32. Qe4 Qxe4 33. Rxe4 Rgf6 34. g3 g5 35. Kg2 R8f7 36. Rfe1 gxf4 37. Rxe6 fxg3 38. Rxf6 Rxf6 39. hxg3 Rf7 40. Re4 Kh7 41. d5 h5 42. Re6 Rg7 43. Kh3 Kg8 44. Rf6 Re7 45. Re6 Rf7 46. Kh4 Kf8 47. Kxh5 Rf2 48. Rc6 Rxa2 49. Rxc7 Ra3 50. g4 a5 51. d6 Ke8 52. g5 Rxb3 53. g6 Rd3 54. g7 Rg3 55. Rc8+ Kd7 56. g8Q Rxg8 57. Rxg8 Kxd6 58. Rg5 a4 59. Rb5 1-0

[Event "Goiania op"]
[Site "Goiania"]
[Date "2021.02.26"]
[Round "1"]
[White "Oliveira, Tiago Batista"]
[Black "De Avelar, Flavio Henrique"]
[Result "1-0"]
[WhiteElo "2062"]
[BlackElo "1522"]
[PlyCount "107"]
[EventDate "2021.02.26"]
[EventType "swiss"]
[EventRounds "6"]
[EventCountry "BRA"]
[SourceTitle "EXT 2022"]
[Source "ChessBase"]
[SourceDate "2021.10.06"]
[SourceVersion "1"]
[SourceVersionDate "2021.10.06"]
[SourceQuality "1"]

1. d4 e6 2. c4 Nf6 3. Nf3 Bb4+ 4. Bd2 Be7 5. g3 0-0 6. Bg2 d5 7. 0-0 c6 8. Qc2 Nbd7 9. Nc3 Re8 10. Rfd1 Qc7 11. e4 dxe4 12. Nxe4 Nxe4 13. Qxe4 Nf6 14. Qc2 b6 15. Bf4 Bd6 16. Be5 Bxe5 17. dxe5 Nd7 18. Ng5 Nf8 19. Rd6 Bb7 20. Rad1 Red8 21. c5 h6 22. Ne4 Rac8 23. Qe2 Ng6 24. Qh5 Rxd6 25. Nxd6 Rd8 26. Be4 Nf8 27. Rc1 bxc5 28. Rxc5 Rxd6 29. exd6 Qxd6 30. Rc2 f5 31. Bg2 g6 32. Qe2 Ba6 33. Qd2 Qe5 34. Rxc6 Bb5 35. Rc1 a6 36. b3 a5 37. Re1 Qc7 38. Qc1 Qd6 39. Qxh6 e5 40. Qc1 e4 41. Rd1 Qe5 42. Bf1 Bd7 43. Qc4+ Be6 44. Qd4 Qc7 45. Bc4 Kf7 46. Bxe6+ Kxe6 47. Qc4+ Qxc4 48. bxc4 Nd7 49. Rd5 Ne5 50. Rxa5 Nxc4 51. Ra6+ Kf7 52. a4 Nb2 53. h4 Nxa4 54. Rxa4 1-0

[Event "BRA-ch Amateur U1600"]
[Site "Sao Paulo"]
[Date "2019.06.22"]
[Round "5"]
[White "De Avelar, Flavio Henrique"]
[Black "Ataide, Gerson Britto"]
[Result "1-0"]
[WhiteElo "1593"]
[BlackElo "1419"]
[PlyCount "60"]
[EventDate "2019.06.20"]
[EventType "swiss"]
[EventRounds "7"]
[EventCountry "BRA"]
[SourceTitle "CBM 195 Extra"]
[Source "ChessBase"]
[SourceDate "2020.05.31"]
[SourceVersion "1"]
[SourceVersionDate "2020.05.31"]
[SourceQuality "1"]

1. d4 Nf6 2. Bf4 e6 3. Nf3 b6 4. e3 Bb7 5. Bd3 Be7 6. h3 c5 7. c3 d5 8. Bxb8 Qxb8 9. Bb5+ Kf8 10. Ne5 a6 11. Bc6 Bd6 12. Bxb7 Qxb7 13. Nd2 g6 14. f4 cxd4 15. exd4 Ne4 16. Qg4 h5 17. Qf3 Nf6 18. g4 hxg4 19. hxg4 Rxh1+ 20. Qxh1 Bxe5 21. fxe5 Ng8 22. Nc4 b5 23. Nd6 Qe7 24. 0-0-0 Qg5+ 25. Kc2 Kg7 26. Nxf7 Qf4 27. Nd6 Rf8 28. Kb3 Qxg4 29. Rg1 Qf3 30. Ne8+ Rxe8 1-0

[Event "BRA-ch Amateur U1600"]
[Site "Sao Paulo"]
[Date "2019.06.20"]
[Round "1"]
[White "De Avelar, Flavio Henrique"]
[Black "Couto, Januario Pereira Do"]
[Result "1/2-1/2"]
[WhiteElo "1593"]
[BlackElo "1396"]
[PlyCount "43"]
[EventDate "2019.06.20"]
[EventType "swiss"]
[EventRounds "7"]
[EventCountry "BRA"]
[SourceTitle "CBM 195 Extra"]
[Source "ChessBase"]
[SourceDate "2020.05.31"]
[SourceVersion "1"]
[SourceVersionDate "2020.05.31"]
[SourceQuality "1"]

1. d4 f5 2. Bf4 d6 3. e3 Nf6 4. Nf3 g6 5. Nbd2 Bg7 6. Bd3 0-0 7. c3 Qe8 8. h3 a6 9. 0-0 Nbd7 10. Re1 e5 11. dxe5 dxe5 12. Bh2 b5 13. e4 Nc5 14. Bc2 f4 15. b4 Nb7 16. a4 c6 17. c4 Bd7 18. cxb5 cxb5 19. axb5 Bxb5 20. Bb3+ Kh8 21. Nc4 Rd8 22. Qc2 1/2-1/2

[Event "Rio Branco op 2nd"]
[Site "Rio Branco"]
[Date "2019.04.21"]
[Round "6"]
[White "De Oliveira, Gabriel Moreira"]
[Black "De Avelar, Flavio Henrique"]
[Result "1-0"]
[WhiteElo "1663"]
[BlackElo "1633"]
[PlyCount "68"]
[EventDate "2019.04.19"]
[EventType "swiss"]
[EventRounds "6"]
[EventCountry "BRA"]
[SourceTitle "CBM 190 Extra"]
[Source "ChessBase"]
[SourceDate "2019.07.15"]
[SourceVersion "1"]
[SourceVersionDate "2019.07.15"]
[SourceQuality "1"]

1. d4 Nf6 2. Bf4 g6 3. e3 Bg7 4. Be2 0-0 5. h3 d6 6. Nf3 Nbd7 7. 0-0 Re8 8. c3 e5 9. Bg5 h6 10. Bh4 g5 11. Bg3 Qe7 12. Qc2 exd4 13. cxd4 Nb6 14. Re1 c6 15. Nc3 Nbd5 16. Nxd5 Nxd5 17. Qb3 Be6 18. Bc4 Kh8 19. Nd2 Nf6 20. Bxe6 fxe6 21. Nc4 Ne4 22. Bh2 b5 23. Na5 c5 24. Qc2 Qc7 25. Qxe4 Qxa5 26. Bxd6 c4 27. a3 Qd8 28. Be5 Qe7 29. a4 Qd7 30. Bxg7+ Kxg7 31. Qe5+ Kg6 32. Qxb5 Qxb5 33. axb5 Rec8 34. Ra4 Rab8 1-0

[Event "Recife Akasaka Cup 7th"]
[Site "Recife"]
[Date "2019.04.14"]
[Round "5"]
[White "Camara, Jose Arruda"]
[Black "De Avelar, Flavio Henrique"]
[Result "1-0"]
[WhiteElo "1900"]
[BlackElo "1633"]
[PlyCount "76"]
[EventDate "2019.04.12"]
[EventType "swiss"]
[EventRounds "6"]
[EventCountry "BRA"]
[SourceTitle "CBM 189 Extra"]
[Source "ChessBase"]
[SourceDate "2019.06.03"]
[SourceVersion "1"]
[SourceVersionDate "2019.06.03"]
[SourceQuality "1"]

1. e4 d6 2. d4 Nf6 3. Nc3 g6 4. Be2 Bg7 5. Be3 0-0 6. Qd2 e5 7. d5 a6 8. f3 b5 9. Bh6 Nxe4 10. Nxe4 Qh4+ 11. g3 Qxh6 12. Qa5 f5 13. Nd2 Qe3 14. Qxc7 e4 15. 0-0-0 exf3 16. Bxf3 Qe5 17. c3 Nd7 18. Kb1 Nc5 19. Ne2 Bb7 20. Nb3 Rfc8 21. Qa5 Ne4 22. Nf4 g5 23. Nd3 Qxd5 24. Bxe4 Qxe4 25. Rhe1 Qf3 26. Ka1 Be4 27. Nbc1 Rc4 28. Qb6 Rac8 29. Qxd6 R4c6 30. Qd7 R6c7 31. Qe6+ Kh8 32. Ne5 Bxe5 33. Qxe5+ Kg8 34. Qe6+ Kh8 35. Qf6+ Rg7 36. Rd7 Rcg8 37. Red1 Bc6 38. Rxg7 Qh5 1-0

[Event "Rio Branco Acre op 3rd"]
[Site "Rio Branco"]
[Date "2018.09.09"]
[Round "7"]
[White "Mattos, Victor L De Albuque"]
[Black "De Avelar, Flavio Henrique"]
[Result "1-0"]
[WhiteElo "1774"]
[BlackElo "1640"]
[PlyCount "39"]
[EventDate "2018.09.06"]
[EventType "swiss"]
[EventRounds "7"]
[EventCountry "BRA"]
[SourceTitle "CBM 187 Extra"]
[Source "ChessBase"]
[SourceDate "2018.11.04"]
[SourceVersion "1"]
[SourceVersionDate "2018.11.04"]
[SourceQuality "1"]

1. e4 c5 2. Nf3 g6 3. d4 cxd4 4. Nxd4 Bg7 5. Be3 Nc6 6. c3 Nf6 7. Bd3 0-0 8. 0-0 a6 9. Qc1 Ng4 10. h3 Nxe3 11. Qxe3 Nxd4 12. cxd4 Qb6 13. Qd2 Bxd4 14. Nc3 Qa5 15. a3 Bg7 16. b4 Qh5 17. Rac1 Bh6 18. f4 e5 19. Nd5 exf4 20. Nf6+ 1-0